LIBRARY & INFORMATION CENTRE, KCAET, TAVANUR

ONLINE PUBLIC ACCESS CATALOGUE (OPAC)

Samoohyapadam / | സാമൂഹ്യപാഠം (Record no. 19497)

MARC details
000 -LEADER
fixed length control field 00409nam a22001577a 4500
003 - CONTROL NUMBER IDENTIFIER
control field OSt
008 - FIXED-LENGTH DATA ELEMENTS--GENERAL INFORMATION
fixed length control field 250902b |||||||| |||| 00| 0 eng d
041 ## - LANGUAGE CODE
Language code of text/sound track or separate title eng
082 ## - DEWEY DECIMAL CLASSIFICATION NUMBER
Classification number 894.812301
Item number NAR/SA
100 ## - MAIN ENTRY--AUTHOR NAME
Personal name Narayanan, Rakesh
245 ## - TITLE STATEMENT
Title Samoohyapadam /
Remainder of title സാമൂഹ്യപാഠം
260 ## - PUBLICATION, DISTRIBUTION, ETC. (IMPRINT)
Place of publication Kozhikode :
Name of publisher Progress Books,
Year of publication 2018.
300 ## - PHYSICAL DESCRIPTION
Number of Pages 65 p.
650 ## - SUBJECT ADDED ENTRY--TOPICAL TERM
Topical Term Stories
942 ## - ADDED ENTRY ELEMENTS (KOHA)
Koha item type Books
Holdings
Withdrawn status Lost status Damaged status Home library Current library Date acquired Source of acquisition Cost, normal purchase price Full call number Accession Number Koha item type
      KAUAET KAUAET 02/09/2025 Donated by KT Jaleel MLA 70.00 894.812301 NAR/SA 26333 Books
free website counter